000 00291nam a22001097a 4500
008 230623b xxu||||| |||| 00| 0 eng d
082 _a330.
_bTHO 1996
245 _aThe AERC Research Programme: An Evaluation
260 _bEconomic Research Consortium
_c1996
300 _a81p
942 _2ddc
_cBK
999 _c2553
_d2553